[Event "SE-2011-0-00081"]
[Site "LSS email"]
[Date "2011.08.23"]
[Round "?"]
[White "Rossini, Carla"]
[Black "Gomgar, Joquin"]
[Result "0-1"]
[WhiteElo "1024"]
[BlackElo "1668"]
[PlyCount "74"]
[EventDate "2011.07.21"]
[EventType "tourn (corr)"]
[EventRounds "6"]
[EventCountry "GER"]
[SourceTitle "Telechess CBM 153"]
[Source "ChessBase"]
[SourceDate "2013.03.14"]
[SourceVersion "1"]
[SourceVersionDate "2013.03.14"]
[SourceQuality "1"]

1. e4 e5 2. Nf3 Nc6 3. d4 exd4 4. Nxd4 Bc5 5. Be3 Qf6 6. c3 Nge7 7. Be2 0-0 8. Bf3 d6 9. 0-0 a6 10. Qd3 Ne5 11. Qe2 Bxd4 12. cxd4 Nxf3+ 13. Qxf3 Qxf3 14. gxf3 f5 15. Nc3 f4 16. Bd2 c6 17. Rad1 Bh3 18. Rfe1 Ng6 19. Ne2 Nh4 20. Nxf4 Nxf3+ 21. Kh1 Bg4 22. Rg1 Nxg1 23. Rxg1 Rxf4 24. Bxf4 Bf3+ 25. Rg2 Bxe4 26. Kg1 Bxg2 27. Kxg2 Re8 28. Bxd6 Re2 29. Be5 Rxb2 30. d5 Re2 31. Bc3 cxd5 32. a3 Kf7 33. Kf3 Ra2 34. Bb4 b6 35. h4 a5 36. Bd6 Ke6 37. Bf8 g6 0-1